00369 a2200121 4500020001500000082001200015100001900027245008000046260004300126300003200169500001900201650002700220 a8176562823 a005.133 aBayross, Ivan. aweb enabled commercial application development using java 2.0cIvan Bayross aNew Dehli:b BPB Publications,c 2000. ax, 941 p. :bill. ;c24 cm. aIncludes Index ajava(Computer studies)